[Event "Rilton Cup 45th"]
[Site "Stockholm"]
[Date "2015.12.29"]
[Round "3"]
[White "Wiander, Michael"]
[Black "Rothen, Hakan Nils Karl"]
[Result "1-0"]
[WhiteElo "2187"]
[BlackElo "2297"]
[PlyCount "87"]
[EventDate "2015.12.27"]
[EventType "swiss"]
[EventRounds "9"]
[EventCountry "SWE"]
[SourceTitle "CBM 170 Extra"]
[Source "ChessBase"]
[SourceDate "2016.02.25"]
[SourceVersion "1"]
[SourceVersionDate "2016.02.25"]
[SourceQuality "1"]

1. g3 d5 2. Bg2 c5 3. d3 Nc6 4. Nd2 Nf6 5. e4 e6 6. Ngf3 b6 7. 0-0 Bb7 8. Re1 Be7 9. c3 0-0 10. e5 Nd7 11. Nf1 b5 12. h4 c4 13. d4 b4 14. N1h2 Re8 15. Ng5 h6 16. Nh3 Bf8 17. Qg4 bxc3 18. bxc3 Qa5 19. Bd2 Kh7 20. Nf3 g6 21. h5 Bg7 22. Qf4 Rf8 23. Qh4 Rae8 24. Nhg5+ Kg8 25. Bh3 Nd8 26. Kg2 Qa4 27. Bg4 gxh5 28. Bxh5 Re7 29. Nh7 Rfe8 30. Nf6+ Kf8 31. Bg4 Qc2 32. Bxh6 Qg6 33. Bg5 Nc6 34. Bh5 Qf5 35. Bg4 Qg6 36. Rab1 Bc8 37. Nh7+ Kg8 38. Nf6+ Kf8 39. Rh1 Nb6 40. Nxe8 Rxe8 41. Bf6 Na4 42. Qh8+ Bxh8 43. Rxh8+ Qg8 44. Rxg8+ 1-0

[Event "SWE-chT2 0708"]
[Site "Sweden"]
[Date "2007.11.17"]
[Round "3"]
[White "Rothen, Hakan Nils Karl"]
[Black "Nilsson, Victor"]
[Result "1-0"]
[WhiteElo "2318"]
[BlackElo "2170"]
[PlyCount "79"]
[EventDate "2007.10.20"]
[EventType "team"]
[EventRounds "9"]
[EventCountry "SWE"]
[SourceTitle "EXT 2009"]
[Source "ChessBase"]
[SourceDate "2008.11.26"]
[SourceVersion "1"]
[SourceVersionDate "2008.11.26"]
[SourceQuality "1"]
[WhiteTeam "Eksjo"]
[BlackTeam "Vastervik"]
[WhiteTeamCountry "SWE"]
[BlackTeamCountry "SWE"]

1. Nf3 Nf6 2. b3 e6 3. Bb2 c5 4. g3 b6 5. Bg2 Bb7 6. 0-0 Be7 7. c4 0-0 8. d4 cxd4 9. Nxd4 Bxg2 10. Kxg2 d5 11. Nd2 Qd7 12. Rc1 Nc6 13. N2f3 Rac8 14. cxd5 Nxd4 15. Qxd4 Qxd5 16. Qxd5 Nxd5 17. Ne5 Bf6 18. a3 b5 19. Kf3 a5 20. e3 a4 21. Bd4 axb3 22. Rb1 Be7 23. Rxb3 f6 24. Nd3 e5 25. Bb2 Rc4 26. e4 Nc7 27. Ke3 Ra8 28. Rd1 Kf7 29. Bxe5 fxe5 30. Nxe5+ Ke6 31. Nxc4 bxc4 32. Rb6+ Kf7 33. Rb7 Rxa3+ 34. Ke2 Ra2+ 35. Kf3 Ne6 36. Rdd7 c3 37. Rxe7+ Kf6 38. e5+ Kf5 39. g4+ Kxe5 40. Rb6 1-0

[Event "SWE-chT 0607"]
[Site "Sweden"]
[Date "2007.01.20"]
[Round "6"]
[White "Rothen, Hakan Nils Karl"]
[Black "Tallinger, Thomas"]
[Result "1/2-1/2"]
[WhiteElo "2316"]
[BlackElo "2222"]
[PlyCount "95"]
[EventDate "2006.10.20"]
[EventType "team"]
[EventRounds "11"]
[EventCountry "SWE"]
[SourceTitle "EXT 2009"]
[Source "ChessBase"]
[SourceDate "2008.11.26"]
[SourceVersion "1"]
[SourceVersionDate "2008.11.26"]
[SourceQuality "1"]
[WhiteTeam "Eksjo"]
[BlackTeam "Astorp"]
[WhiteTeamCountry "SWE"]
[BlackTeamCountry "SWE"]

1. d4 e6 2. e4 d5 3. exd5 exd5 4. Bd3 Bd6 5. Nc3 c6 6. Qf3 Qf6 7. Be3 Qxf3 8. Nxf3 Bg4 9. Ne5 Bh5 10. g4 Bxe5 11. dxe5 Bxg4 12. Rg1 h5 13. f3 Bxf3 14. Kd2 Bg4 15. h3 Be6 16. Rxg7 Nd7 17. Rag1 0-0-0 18. R1g5 Ne7 19. Ne2 c5 20. Nf4 Nc6 21. Bf5 d4 22. Bf2 Bxf5 23. Rxf5 Ncxe5 24. Nxh5 Rde8 25. b3 Rh6 26. Bg3 Rd6 27. c3 dxc3+ 28. Kxc3 b5 29. Nf4 b4+ 30. Kc2 Ra6 31. Kb1 c4 32. bxc4 f6 33. Nd5 Nxc4 34. Nc7 Na3+ 35. Ka1 Rc6 36. Kb2 Rxc7 37. Bxc7 Kxc7 38. Rxf6 Re3 39. Rf4 a5 40. Rd4 Re2+ 41. Kb3 Re3+ 42. Ka4 Kc6 43. Rdxd7 Nc4 44. Rc7+ Kb6 45. Rb7+ Ka6 46. Ra7+ Kb6 47. Rab7+ Ka6 48. Ra7+ 1/2-1/2

[Event "SWE-chT 0607"]
[Site "Sweden"]
[Date "2006.10.22"]
[Round "3"]
[White "Collett, Peter"]
[Black "Rothen, Hakan Nils Karl"]
[Result "1-0"]
[WhiteElo "2225"]
[BlackElo "2338"]
[PlyCount "159"]
[EventDate "2006.10.20"]
[EventType "team"]
[EventRounds "11"]
[EventCountry "SWE"]
[SourceTitle "EXT 2009"]
[Source "ChessBase"]
[SourceDate "2008.11.26"]
[SourceVersion "1"]
[SourceVersionDate "2008.11.26"]
[SourceQuality "1"]
[WhiteTeam "Wasa"]
[BlackTeam "Eksjo"]
[WhiteTeamCountry "SWE"]
[BlackTeamCountry "SWE"]

1. d4 g6 2. e4 Bg7 3. Nc3 d6 4. Be3 a6 5. Qd2 b5 6. a4 b4 7. Nd1 a5 8. c3 Nf6 9. f3 bxc3 10. bxc3 0-0 11. Bd3 Ba6 12. Nf2 Nbd7 13. Ne2 Bxd3 14. Nxd3 Nb6 15. Nb2 Qc8 16. Qd3 Nfd7 17. 0-0 c5 18. Rfb1 c4 19. Qc2 e6 20. Nd1 d5 21. exd5 exd5 22. Rb5 Qc6 23. Nf4 Rfe8 24. Kf2 Qd6 25. g3 h5 26. h4 Re7 27. Ng2 Kh7 28. Bg5 Ree8 29. Nde3 Nf8 30. Rab1 Ra6 31. g4 hxg4 32. Nxg4 f5 33. Bf4 Qd8 34. Ne5 Re6 35. Nf7 Qe7 36. Ng5+ Kg8 37. Nxe6 Qxe6 38. Ne3 Qc6 39. Rg1 Qf6 40. Bg5 Qd6 41. f4 Ne6 42. Kf3 Qa3 43. Qb2 Qxb2 44. Rxb2 Bf8 45. Rb5 Nxa4 46. Rb7 Nxc3 47. Nxf5 Nxd4+ 48. Nxd4 Bc5 49. Re1 Ne4 50. Nc2 a4 51. h5 gxh5 52. Rh1 a3 53. Rxh5 a2 54. Bh4 Ra3+ 55. Kg4 a1Q 56. Nxa1 Rxa1 57. Rxd5 Ra8 58. Kf3 Re8 59. Re5 Rxe5 60. fxe5 Nd2+ 61. Ke2 c3 62. Kd3 Nf3 63. Bf6 c2 64. Kxc2 Bd4 65. Rb5 Kf7 66. Kd3 Ke6 67. Ke4 Bxe5 68. Bxe5 Ng5+ 69. Ke3 Nf7 70. Bg3 Nd8 71. Ke4 Nf7 72. Rb6+ Ke7 73. Bh4+ Kd7 74. Kd5 Kc7 75. Rc6+ Kb7 76. Rg6 Nh8 77. Rg7+ Ka6 78. Ke6 Kb6 79. Kf6 Kc6 80. Rh7 1-0

[Event "SWE-chT 0607"]
[Site "Sweden"]
[Date "2006.10.20"]
[Round "1"]
[White "Rothen, Hakan Nils Karl"]
[Black "Bator, Robert"]
[Result "1-0"]
[WhiteElo "2338"]
[BlackElo "2445"]
[PlyCount "79"]
[EventDate "2006.10.20"]
[EventType "team"]
[EventRounds "11"]
[EventCountry "SWE"]
[SourceTitle "EXT 2009"]
[Source "ChessBase"]
[SourceDate "2008.11.26"]
[SourceVersion "1"]
[SourceVersionDate "2008.11.26"]
[SourceQuality "1"]
[WhiteTeam "Eksjo"]
[BlackTeam "Stockholm Rockaden"]
[WhiteTeamCountry "SWE"]
[BlackTeamCountry "SWE"]

1. d4 d5 2. c4 c6 3. Nc3 Nf6 4. e3 a6 5. Nf3 b5 6. cxd5 cxd5 7. Bd3 Bg4 8. Qb3 Bxf3 9. gxf3 e6 10. Bd2 Be7 11. Rc1 0-0 12. f4 Qd7 13. f3 Nc6 14. Ne2 Rfc8 15. Kf2 Ne8 16. h4 h5 17. Rcg1 f5 18. Rg2 Kf7 19. e4 dxe4 20. fxe4 Nxd4 21. Nxd4 Bc5 22. exf5 Qxd4+ 23. Ke2 Rc6 24. Rh3 Qd5 25. Rhg3 Qxb3 26. axb3 Rd8 27. Be4 Rcd6 28. Bc3 exf5 29. Bxf5 b4 30. Be5 Rd2+ 31. Kf3 Rxg2 32. Rxg2 Be7 33. Bg6+ Kf8 34. Bxh5 Rd3+ 35. Ke4 Rxb3 36. Kf5 Nf6 37. Bg6 Rd3 38. h5 Nd5 39. Ke6 Nc7+ 40. Bxc7 1-0

[Event "SWE-chT 0506"]
[Site "Sweden"]
[Date "2005.??.??"]
[Round "3"]
[White "Lindberg, Bo"]
[Black "Rothen, Hakan Nils Karl"]
[Result "1/2-1/2"]
[WhiteElo "2431"]
[BlackElo "2375"]
[PlyCount "143"]
[EventDate "2005.10.??"]
[EventType "team"]
[EventRounds "11"]
[EventCountry "SWE"]
[SourceTitle "EXT 2008"]
[Source "ChessBase"]
[SourceDate "2007.11.25"]
[SourceVersion "1"]
[SourceVersionDate "2007.11.25"]
[SourceQuality "1"]
[WhiteTeam "Sollentuna"]
[BlackTeam "Eksjo"]
[WhiteTeamCountry "SWE"]
[BlackTeamCountry "SWE"]

1. e4 g6 2. d4 Bg7 3. c4 d6 4. Nc3 e5 5. dxe5 dxe5 6. Qxd8+ Kxd8 7. f4 Nd7 8. Nf3 c6 9. fxe5 Nxe5 10. Bf4 f6 11. c5 Ke7 12. Be2 Be6 13. Rd1 Rd8 14. 0-0 Rxd1 15. Rxd1 Nxf3+ 16. gxf3 Nh6 17. Bd6+ Ke8 18. Rd4 Nf7 19. Bb8 Ke7 20. Bxa7 Ra8 21. Ra4 f5 22. Bd1 Bxc3 23. bxc3 fxe4 24. fxe4 Ng5 25. Kf2 Bc4 26. Ke3 Bb5 27. Ra5 Ne6 28. Bb6 Rxa5 29. Bxa5 Kf6 30. Bb6 h5 31. Ba7 Bf1 32. Bb8 Bc4 33. a3 Ba2 34. Bd6 Ng5 35. Bc2 Bc4 36. Kd4 Ba2 37. e5+ Kf7 38. c4 Nf3+ 39. Kc3 g5 40. Bd3 Ke6 41. Bg6 h4 42. h3 Nxe5 43. Bh7 Nf7 44. Bc7 Kd7 45. Bb8 Ke6 46. a4 Ne5 47. a5 Kf6 48. Bc7 Ng6 49. Bg8 Bb1 50. Bd8+ Ne7 51. Bd5 Bf5 52. Bg2 g4 53. hxg4 Bxg4 54. Kd4 h3 55. Be4 Ke6 56. Ke3 Kd7 57. Bb6 Be6 58. Kf4 Bxc4 59. Kg3 Be6 60. Ba7 Kc8 61. Bd3 Ng8 62. a6 Nf6 63. Bb6 bxa6 64. Bxa6+ Kd7 65. Bd3 Nh5+ 66. Kh2 Nf4 67. Bf1 Bf5 68. Kg3 Nd5 69. Ba5 Ke6 70. Bxh3 Bxh3 71. Kxh3 Nf4+ 72. Kg4 1/2-1/2

[Event "SWE-chT 0405"]
[Site "Sweden"]
[Date "2005.??.??"]
[Round "11"]
[White "Loven, Anders"]
[Black "Rothen, Hakan Nils Karl"]
[Result "1/2-1/2"]
[WhiteElo "2155"]
[BlackElo "2380"]
[PlyCount "128"]
[EventDate "2004.11.05"]
[EventType "team"]
[EventRounds "11"]
[EventCountry "SWE"]
[SourceTitle "EXT 2006"]
[Source "ChessBase"]
[SourceDate "2005.11.24"]
[SourceVersion "1"]
[SourceVersionDate "2005.11.24"]
[SourceQuality "1"]
[WhiteTeam "Passanten"]
[BlackTeam "Eksjo"]
[WhiteTeamCountry "SWE"]
[BlackTeamCountry "SWE"]

1. Nf3 e6 2. c4 d5 3. d4 c6 4. Qc2 f5 5. Bf4 Nf6 6. e3 Be7 7. Bd3 0-0 8. Nc3 Ne4 9. h3 b6 10. 0-0 Nd7 11. cxd5 cxd5 12. Nb5 Ndf6 13. Nc7 Rb8 14. Nxd5 Rb7 15. Nxe7+ Rxe7 16. Rac1 Nd5 17. Bxe4 fxe4 18. Ne5 Qe8 19. Bg5 Nf6 20. Qc6 Bb7 21. Qxe8 Rfxe8 22. Rc2 Bd5 23. b3 h6 24. Bh4 g5 25. Bg3 Nh5 26. Bh2 Ng7 27. Rfc1 Nf5 28. Rc7 Kg7 29. Rxe7+ Rxe7 30. Nc6 Rd7 31. Be5+ Kh7 32. Nb8 Re7 33. Nc6 Rd7 34. Nb4 Bb7 35. Rc7 Rxc7 36. Bxc7 Kg6 37. Bb8 a5 38. Nc2 Ne7 39. Bd6 Nd5 40. Kf1 Ba6+ 41. Ke1 h5 42. a3 Bd3 43. Kd2 Bf1 44. Ne1 Kf5 45. Be5 h4 46. Bd6 b5 47. Be5 a4 48. bxa4 bxa4 49. Bd6 Kf6 50. Be5+ Kf5 51. Bd6 Nb6 52. Kc3 Nc4 53. Be7 Nb6 54. Bd6 Nd5+ 55. Kd2 Kg6 56. Be5 Kh5 57. Bd6 Nb6 58. Kc3 Nc4 59. Be7 Na5 60. Bd6 Nb3 61. Kc2 Kg6 62. Be7 Kf5 63. f3 exf3 64. Nxf3 Ke4 1/2-1/2

[Event "SWE-chT 0506"]
[Site "Sweden"]
[Date "2005.??.??"]
[Round "4"]
[White "Rothen, Hakan Nils Karl"]
[Black "Astrom, Goran"]
[Result "1/2-1/2"]
[WhiteElo "2375"]
[BlackElo "2327"]
[PlyCount "75"]
[EventDate "2005.10.??"]
[EventType "team"]
[EventRounds "11"]
[EventCountry "SWE"]
[SourceTitle "EXT 2008"]
[Source "ChessBase"]
[SourceDate "2007.11.25"]
[SourceVersion "1"]
[SourceVersionDate "2007.11.25"]
[SourceQuality "1"]
[WhiteTeam "Eksjo"]
[BlackTeam "Wasa"]
[WhiteTeamCountry "SWE"]
[BlackTeamCountry "SWE"]

1. d4 Nf6 2. Nf3 e6 3. Bg5 h6 4. Bxf6 Qxf6 5. e4 d6 6. e5 Qd8 7. Bd3 b6 8. Qe2 Bb7 9. Nbd2 Be7 10. h4 Nd7 11. 0-0-0 dxe5 12. Nxe5 0-0 13. f4 Nxe5 14. dxe5 Qd4 15. Be4 Bxe4 16. Nxe4 Qa4 17. Kb1 Rfd8 18. g4 Rxd1+ 19. Rxd1 Rd8 20. Rxd8+ Bxd8 21. g5 hxg5 22. hxg5 Qd4 23. a3 Be7 24. Qg2 Qd1+ 25. Ka2 Qd5+ 26. b3 b5 27. g6 a5 28. gxf7+ Kxf7 29. Qe2 c6 30. Kb2 Qd4+ 31. c3 Qd5 32. c4 Qd4+ 33. Ka2 Bxa3 34. cxb5 cxb5 35. Ng5+ Ke7 36. Qg2 Bc5 37. Ne4 Kf7 38. Ng5+ 1/2-1/2

[Event "SWE-chT 0405"]
[Site "Sweden"]
[Date "2005.??.??"]
[Round "10"]
[White "Rothen, Hakan Nils Karl"]
[Black "Degerman, Lars"]
[Result "1/2-1/2"]
[WhiteElo "2380"]
[BlackElo "2462"]
[PlyCount "88"]
[EventDate "2004.11.05"]
[EventType "team"]
[EventRounds "11"]
[EventCountry "SWE"]
[SourceTitle "EXT 2006"]
[Source "ChessBase"]
[SourceDate "2005.11.24"]
[SourceVersion "1"]
[SourceVersionDate "2005.11.24"]
[SourceQuality "1"]
[WhiteTeam "Eksjo"]
[BlackTeam "Farsta"]
[WhiteTeamCountry "SWE"]
[BlackTeamCountry "SWE"]

1. d4 d5 2. Nc3 Nf6 3. Bg5 Nbd7 4. e3 e6 5. Bd3 c5 6. Nf3 h6 7. Bxf6 Nxf6 8. 0-0 Bd6 9. e4 cxd4 10. Bb5+ Bd7 11. Qxd4 dxe4 12. Nxe4 Nxe4 13. Bxd7+ Qxd7 14. Qxe4 0-0 15. Rad1 Qc7 16. c3 Rad8 17. Rd3 Rd7 18. Rfd1 Rfd8 19. g3 Bc5 20. Ne5 Rxd3 21. Rxd3 Bd6 22. Nc4 Be7 23. Rxd8+ Bxd8 24. Qd4 Bf6 25. Qe4 g6 26. Kf1 Bg7 27. Ke1 Qc5 28. Qd3 Kh7 29. Nd6 Qc7 30. Ke2 Be5 31. Nc4 Bg7 32. h4 f5 33. Ne3 a6 34. g4 Qe5 35. h5 Qf4 36. hxg6+ Kxg6 37. gxf5+ exf5 38. Qd5 Qe4 39. Qd6+ Bf6 40. Qg3+ Bg5 41. Qd6+ Bf6 42. Qg3+ Bg5 43. Qd6+ Kh5 44. Qh2+ Kg6 1/2-1/2

[Event "SWE-chT 9899"]
[Site "Sweden"]
[Date "1999.??.??"]
[Round "8"]
[White "Matros, Alexander"]
[Black "Rothen, Hakan Nils Karl"]
[Result "1/2-1/2"]
[WhiteElo "2433"]
[BlackElo "2371"]
[PlyCount "95"]
[EventDate "1998.??.??"]
[EventType "team"]
[EventRounds "11"]
[EventCountry "SWE"]
[SourceTitle "EXT 2000"]
[Source "ChessBase"]
[SourceDate "1999.11.16"]
[SourceVersion "1"]
[SourceVersionDate "1999.11.16"]
[SourceQuality "1"]

1. e4 e6 2. d4 d5 3. e5 c5 4. c3 Nc6 5. Nf3 Qb6 6. a3 c4 7. Nbd2 Na5 8. g3 Bd7 9. Bg2 Be7 10. h4 h5 11. Qe2 0-0-0 12. Nf1 Nb3 13. Rb1 Nxc1 14. Rxc1 Nh6 15. Ne3 Kb8 16. Bh3 a5 17. 0-0 Ka8 18. Rce1 Qc7 19. Ng5 g6 20. Ng2 Qc6 21. Nf4 Rdg8 22. Kg2 Ka7 23. Qd2 Rg7 24. Re2 Qc8 25. Kg1 b5 26. Rfe1 Bxg5 27. hxg5 Ng8 28. Ng2 Ne7 29. Ne3 Kb6 30. f4 Nc6 31. Rh2 Qa8 32. Bg2 Ne7 33. Kf2 Rgh7 34. Reh1 Qg8 35. Rh3 Bc6 36. R1h2 Nf5 37. Qe1 Nxe3 38. Kxe3 Qd8 39. Bf3 Qe7 40. g4 h4 41. Rxh4 Rxh4 42. Rxh4 Rxh4 43. Qxh4 b4 44. axb4 axb4 45. Bd1 Qa7 46. Qe1 Qa1 47. Qd2 b3 48. Kf2 1/2-1/2